<?xml version="1.0" encoding="UTF-8"?>
<record
    xmlns:xsi="http://www.w3.org/2001/XMLSchema-instance"
    xsi:schemaLocation="http://www.loc.gov/MARC21/slim http://www.loc.gov/standards/marcxml/schema/MARC21slim.xsd"
    xmlns="http://www.loc.gov/MARC21/slim">

  <leader>03420nam a2200325 i 4500</leader>
  <controlfield tag="003">CSPC</controlfield>
  <controlfield tag="005">20250905141147.0</controlfield>
  <controlfield tag="008">250905b2024    ph a     b    00| 0 eng d</controlfield>
  <datafield tag="040" ind1=" " ind2=" ">
    <subfield code="a">CSPC</subfield>
    <subfield code="b">eng</subfield>
    <subfield code="c">CSPC</subfield>
    <subfield code="e">rda</subfield>
  </datafield>
  <datafield tag="090" ind1=" " ind2=" ">
    <subfield code="a">UTH BSOA C334p 2024</subfield>
  </datafield>
  <datafield tag="100" ind1="1" ind2=" ">
    <subfield code="a">Cereza, Lyndon J., </subfield>
    <subfield code="e">author. </subfield>
  </datafield>
  <datafield tag="245" ind1="1" ind2="0">
    <subfield code="a">Post-pandemic challenges in stenography : </subfield>
    <subfield code="b">basis for skill enhancement initiative / </subfield>
    <subfield code="c">Lyndon J. Cereza, Angelica Joy V. Colina, Sharmay C. Contreras, John Whendelle Rey B. Daguiso, and Angelica T. Echipare.  </subfield>
  </datafield>
  <datafield tag="260" ind1=" " ind2=" ">
    <subfield code="a">Buhi, Camarines Sur : </subfield>
    <subfield code="b">Camarines Sur Polytechnic Colleges, </subfield>
    <subfield code="c">2024. </subfield>
  </datafield>
  <datafield tag="300" ind1=" " ind2=" ">
    <subfield code="a">80 leaves. </subfield>
  </datafield>
  <datafield tag="336" ind1=" " ind2=" ">
    <subfield code="2">rdacontent</subfield>
    <subfield code="a">text</subfield>
  </datafield>
  <datafield tag="337" ind1=" " ind2=" ">
    <subfield code="2">rdamedia</subfield>
    <subfield code="a">unmediated</subfield>
  </datafield>
  <datafield tag="338" ind1=" " ind2=" ">
    <subfield code="2">rdacarrier</subfield>
    <subfield code="a">volume</subfield>
  </datafield>
  <datafield tag="502" ind1=" " ind2=" ">
    <subfield code="a">Undergraduate Thesis (BSOA)- Office Administration  </subfield>
    <subfield code="c">Camarines Sur Polytechnic Colleges, 2024. </subfield>
  </datafield>
  <datafield tag="520" ind1="3" ind2=" ">
    <subfield code="a">The transition to virtual learning has posed significant obstacle for both instructors and students. This study aims to explore the challenges and potential solutions to enhance online Stenography learning, focusing on how to improve access to resources, adapt teaching methods, and foster a supportive virtual learning environment. The respondents of the study were the 292 Bachelor of Science in Office Administration (BSOA) students of Camarines Sur Polytechnic Colleges, Buhi Campus. The descriptive method was used in order to determine the challenges encountered by the students in stenography during the post pandemic. The instrument used in this study was a research-made questionnaire for data collection and was interpreted using weighted mean. The study identified several significant challenges and coping strategies regarding Stenography learning among BSOA students in the post-pandemic period. These challenges include difficulty in converting shorthand symbols into written words, trouble interpreting shorthand symbols, inconsistency in shorthand notation, and challenges in proofreading and editing shorthand notes. For advance shorthand, students struggled with maintaining speed and accuracy in fast-paced note taking, utilizing advanced equipment and technology, and mastering complex shorthand techniques. In machine shorthand, difficulties were found in maintaining accuracy and consistency, editing and proofreading machine generated notes, troubleshooting technical issues, and adapting to unclear audio inputs. To address these challenges, students adopted various coping strategies, which were largely effective in enhancing their stenographic skills. The most commonly employed strategies were seeking feedback from instructors and peers, using mnemonic devices like flashcards, engaging in self-recorded transcription practices, and utilizing online resources. The strategies underline the importance of active learning, feedback, and the use of diverse resources to overcome obstacles in skill development. </subfield>
  </datafield>
  <datafield tag="700" ind1="1" ind2=" ">
    <subfield code="a">Colina, Angelica Joy V., </subfield>
    <subfield code="e">author. </subfield>
  </datafield>
  <datafield tag="700" ind1="1" ind2=" ">
    <subfield code="a">Contreras, Sharmay C., </subfield>
    <subfield code="e">author. </subfield>
  </datafield>
  <datafield tag="700" ind1="1" ind2=" ">
    <subfield code="a">Daguiso, Jhon Whendelle Rey B., </subfield>
    <subfield code="e">author. </subfield>
  </datafield>
  <datafield tag="700" ind1="1" ind2=" ">
    <subfield code="a">Echipare, Angelica T., </subfield>
    <subfield code="e">author. </subfield>
  </datafield>
  <datafield tag="720" ind1="1" ind2=" ">
    <subfield code="a">Verona, Lea Katrine S., </subfield>
    <subfield code="e">adviser. </subfield>
  </datafield>
  <datafield tag="720" ind1="1" ind2=" ">
    <subfield code="a">Ta&#xF1;amor, Ma. Bernadette O., </subfield>
    <subfield code="e">panelist, chair.</subfield>
  </datafield>
  <datafield tag="720" ind1="1" ind2=" ">
    <subfield code="a">Infante, Leonisa O., </subfield>
    <subfield code="e">panelist. </subfield>
  </datafield>
  <datafield tag="720" ind1="1" ind2=" ">
    <subfield code="a">Luzon, Ni&#xF1;o Jeffrey L., </subfield>
    <subfield code="e">panelist. </subfield>
  </datafield>
  <datafield tag="942" ind1=" " ind2=" ">
    <subfield code="2">ddc</subfield>
    <subfield code="n">0</subfield>
    <subfield code="c">UM</subfield>
    <subfield code="h">C334p </subfield>
    <subfield code="i">BSOA </subfield>
    <subfield code="k">UTH </subfield>
    <subfield code="m">2024</subfield>
  </datafield>
  <datafield tag="952" ind1=" " ind2=" ">
    <subfield code="0">0</subfield>
    <subfield code="1">0</subfield>
    <subfield code="2">ddc</subfield>
    <subfield code="4">0</subfield>
    <subfield code="7">0</subfield>
    <subfield code="a">BUHI</subfield>
    <subfield code="b">BUHI</subfield>
    <subfield code="c">UTH</subfield>
    <subfield code="d">2025-09-05</subfield>
    <subfield code="l">0</subfield>
    <subfield code="o">UTH BSOA C334p 2024</subfield>
    <subfield code="p">00254UM-BUH</subfield>
    <subfield code="r">2025-09-05 00:00:00</subfield>
    <subfield code="t">1-1</subfield>
    <subfield code="w">2025-09-05</subfield>
    <subfield code="y">UM</subfield>
  </datafield>
  <datafield tag="999" ind1=" " ind2=" ">
    <subfield code="c">30382</subfield>
    <subfield code="d">30382</subfield>
  </datafield>
</record>
